000 00567nam a2200205Ia 4500
005 20250326144931.0
008 250326s9999 xx 000 0 und d
020 _a0-07-066710-1
037 _aTextbook
040 _aFMSL
_beng
_cFMSL
041 _aeng
_2eng
084 _aX:8D.1 P9
_qFMSL
100 _aEun C S
_9743432
245 0 _aInternational ficial management
_cEun C S; Resnick B G
250 _a4
260 _aNew Delhi
_bNew Delhi, Tata McGraw Hill
_c2007
300 _axxiii,539
942 _cTB
_hX:8D.1 P9
999 _c1305685
_d1305685